Countries with Maximum Elevation above 7000m - Statistics

General Stats
  • This quiz has been taken 23 times
  • The average score is 8 of 9
Answer Stats
Meters Feet Country % Correct
8611 28,251 Pakistan
100%
7570 24,836 Bhutan
95%
8848 29,029 China
95%
8586 28,169 India
95%
8848 29,029 Nepal
95%
7492 24,580 Afghanistan
91%
7439 24,406 Kyrgyzstan
86%
7010 22,999 Kazakhstan
82%
7495 24,590 Tajikistan
77%
No matching quizzes found
Score Distribution
Percent of People with Each Score
Percentile by Number Answered
Your Score History
You have not taken this quiz